00764nam a2200205Ia 4500003000900000008004100009020001800050040001600068080002200084245013300106260004000239300001500279650004100294650003400335650002400369700003600393942000700429999001500436952010700451IN-BaIIA211028s9999 xx 000 0 eng d a0-89490-027-7 cIIA Library a524.3(035)bJON-1 0aWebb society deep-sky observer's handbookbvol. 1, double starscedited by Kenneth Glyn Jones  aNew JerseybEnslow Publishersc1979 aviii,120p. aAstronomy and Astrophysics Thesaurus aDouble Stars Handbooks912454 aHandbooks-Astronomy aJones, Kenneth Glyn, ed.912455 cBK c7279d7279 00104070aBANbBANcGENd1983-01-25l0o524.3(035)/ JON-1p8081r2021-11-05w1983-01-25yBKG£ 6.40